Online
Catalog

La canción de cuna en la tradición de Puerto Rico / (Record no. 17913)

MARC details
000 -CABECERA
campo de control de longitud fija 00998cam a2200253 a 4500
001 - NÚMERO DE CONTROL
campo de control 000018392
005 - FECHA Y HORA DE LA ÚLTIMA TRANSACCIÓN
campo de control 20200929165505.0
008 - DATOS DE LONGITUD FIJA--INFORMACIÓN GENERAL
campo de control de longitud fija 750303s1970 pr ag b 000 p spa d
040 ## - FUENTE DE LA CATALOGACIÓN
Centro catalogador/agencia de origen DO-SdBNP
Lengua de catalogación spa
Centro/agencia modificador BNPHU
042 ## - CÓDIGO DE AUTENTICACIÓN
Código de autenticación premarc
043 ## - CÓDIGO DE ÁREA GEOGRÁFICA
Código de área geográfica nwpr---
082 ## - NÚMERO DE LA CLASIFICACIÓN DECIMAL DEWEY
Número de clasificación PR861.7295
Número de documento/Ítem C223c
100 1# - ENTRADA PRINCIPAL--NOMBRE DE PERSONA
Nombre de persona Canino Salgado, Marcelino J.
Fechas asociadas al nombre 1942-
9 (RLIN) 39610
245 13 - MENCIÓN DE TÍTULO
Título La canción de cuna en la tradición de Puerto Rico /
Mención de responsabilidad, etc. Marcelino J. Canino Salgado ; prólogo Margot Arce de Vázquez.
260 ## - PUBLICACIÓN, DISTRIBUCIÓN, ETC.
Lugar de publicación, distribución, etc. San Juan, Puerto Rico :
Nombre del editor, distribuidor, etc. Instituto de Cultura Puertorriqueña,
Fecha de publicación, distribución, etc. 1970.
300 ## - DESCRIPCIÓN FÍSICA
Extensión 146 p. :
Otras características físicas il. ;
Dimensiones 22 cm.
500 ## - NOTA GENERAL
Nota general Incluye unacc. melodías.
504 ## - NOTA DE BIBLIOGRAFÍA, ETC.
Nota de bibliografía, etc. Bibliografías: p.133-142.
650 #4 - PUNTO DE ACCESO ADICIONAL DE MATERIA--TÉRMINO DE MATERIA
Término de materia o nombre geográfico como elemento de entrada Canciones folcloricas puertorriqueñas
9 (RLIN) 39828
650 #4 - PUNTO DE ACCESO ADICIONAL DE MATERIA--TÉRMINO DE MATERIA
Término de materia o nombre geográfico como elemento de entrada Canciones folcloricas
Subdivisión general Historia y crítica
9 (RLIN) 39829
650 #4 - PUNTO DE ACCESO ADICIONAL DE MATERIA--TÉRMINO DE MATERIA
Término de materia o nombre geográfico como elemento de entrada Canciones de cuna
Subdivisión general Historia y crítica
9 (RLIN) 39830
650 #4 - PUNTO DE ACCESO ADICIONAL DE MATERIA--TÉRMINO DE MATERIA
Término de materia o nombre geográfico como elemento de entrada Literatura puertorriqueña
Subdivisión general Historia y crítica
9 (RLIN) 2838
700 1# - PUNTO DE ACCESO ADICIONAL--NOMBRE DE PERSONA
Nombre de persona Arce de Vázquez, Margot
Término indicativo de función/relación pról.
9 (RLIN) 8026
Holdings
Estado de retiro Estado de pérdida Restricciones de uso No para préstamo Código de colección Localización permanente Ubicación/localización actual Ubicación en estantería Fecha de adquisición Número de inventario Total de préstamos Signatura topográfica completa Código de barras Fecha visto por última vez Precio válido a partir de Tipo de ítem Koha
      Excluido de préstamo Monografías: Libros y Folletos General General Depósito 30.04.2010 LF1   PR861.7295 C223c 18392-10 25.06.2020 25.06.2020 No se presta
        Monografías: Libros y Folletos General General Orden iniciada 29.05.2017 LF1   PR861.7295 C223c 18392-20 25.06.2020 25.06.2020 No se presta

Powered by Koha